| Tag |
First Indicator |
Second Indicator |
Subfields |
| LEADER |
00000cam a2200000 a 4500 |
| 001 |
in00000070683 |
| 005 |
20151008061847.0 |
| 008 |
800721s1979 vaua b 00010 engm |
| 010 |
|
|
|a 80115085
|
| 020 |
|
|
|a 0872811034 :
|c $2.95
|
| 035 |
|
|
|a (OCoLC)05946891
|
| 035 |
|
|
|9 AAJ8996AM
|
| 040 |
|
|
|a DLC
|c DLC
|d m.c.
|d TXA
|d UtOrBLW
|
| 049 |
|
|
|a TXAM
|c [1802998]
|
| 050 |
0 |
0 |
|a PB36
|b .B29
|
| 082 |
0 |
|
|a 418
|2 19
|
| 100 |
1 |
|
|a Bartz, Walter H.
|
| 245 |
1 |
0 |
|a Testing oral communication in the foreign language classroom /
|c Walter H. Bartz ; illustrated by Sonia Kundert.
|
| 264 |
|
1 |
|a Arlington, Va. :
|b Center for Applied Linguistics :
|b prepared by ERIC Clearinghouse on Languages and Linguistics,
|c 1979.
|
| 300 |
|
|
|a 25 pages :
|b illustrations ;
|c 23 cm.
|
| 336 |
|
|
|a text
|b txt
|2 rdacontent
|
| 337 |
|
|
|a unmediated
|b n
|2 rdamedia
|
| 338 |
|
|
|a volume
|b nc
|2 rdacarrier
|
| 490 |
1 |
|
|a Language in education ;
|v 17
|
| 504 |
|
|
|a Bibliography: pages 23-25.
|
| 650 |
|
0 |
|a Languages, Modern
|x Examinations.
|
| 650 |
|
0 |
|a Oral communication
|x Examinations.
|
| 710 |
2 |
|
|a ERIC Clearinghouse on Languages and Linguistics.
|
| 830 |
|
0 |
|a Language in education ;
|v 17.
|
| 999 |
|
|
|a MARS
|
| 999 |
f |
f |
|s 6a9dc666-ecbd-39bf-822d-d3a93c742767
|i f7bcdd83-31f3-3e14-b9e8-9e0809ce4418
|t 0
|
| 952 |
f |
f |
|p ric
|a Texas A&M University
|b Rellis Campus
|c Joint Library Facility
|s JLF
|d Remote Storage
|t 0
|e PB36 .B29
|h Library of Congress classification
|i unmediated -- volume
|m A14806173971
|
| 998 |
f |
f |
|a PB36 .B29
|t 0
|l Remote Storage
|